000 00873nam a22002771 4500
001 26322
003 BD-RjUL
005 20211209051011.0
008 140322r19701963nju 001 0 eng
020 _a0691000069
035 _a(BD-RjUL)26392
035 _a(OCoLC)260226
040 _aDLC
_cODaWU
_dOCoLC
_dNGvP
_dDLC
_dBD-RjUL
_beng
041 _aeng
082 _a956
_bHAP 1970
100 1 _aHalpern, Manfred.
_980930
245 1 4 _aThe politics of social change in the Middle East and North Africa /
_cManfred Halpern.
250 _a1st ed.
260 _aPrinceton, N.J. :
_bPrinceton University Press,
_cc1963 [reprinted 1970].
300 _axxv, 431 p. :
_bill. ;
_c24 cm.
504 _aIncludes index.
651 0 _aMiddle East
_xSocial conditions.
_968606
651 0 _aMiddle East
_xPolitics and government.
_980931
942 _2ddc
_cBK
999 _c26322
_d26322